|
|
|
|
| LEADER |
01255nam a2200337Ia 4500 |
| 001 |
EBC3400794 |
| 003 |
MiAaPQ |
| 005 |
20200520144314.0 |
| 006 |
m o d | |
| 007 |
cr cn||||||||| |
| 008 |
060120s2005 dk a sb 001 0 eng d |
| 020 |
|
|
|z 9788763001274
|
| 020 |
|
|
|z 8763001276
|
| 035 |
|
|
|a (MiAaPQ)EBC3400794
|
| 035 |
|
|
|a (Au-PeEL)EBL3400794
|
| 035 |
|
|
|a (CaPaEBR)ebr10465556
|
| 035 |
|
|
|a (OCoLC)774280255
|
| 040 |
|
|
|a MiAaPQ
|c MiAaPQ
|d MiAaPQ
|
| 050 |
|
4 |
|a HD62.65
|b .L69 2005
|
| 100 |
1 |
|
|a Lwendahl, Bente.
|
| 245 |
1 |
0 |
|a Strategic management of professional service firms
|h [electronic resource] /
|c Bente R. Lwendahl.
|
| 250 |
|
|
|a 3rd ed.
|
| 260 |
|
|
|a [Copenhagen] :
|b Copenhagen Business School Press,
|c c2005.
|
| 300 |
|
|
|a 219 p. :
|b ill.
|
| 504 |
|
|
|a Includes bibliographical references (p. [209]-219) and index.
|
| 533 |
|
|
|a Electronic reproduction. Ann Arbor, MI : ProQuest, 2015. Available via World Wide Web. Access may be limited to ProQuest affiliated libraries.
|
| 650 |
|
0 |
|a Professional corporations
|x Management.
|
| 650 |
|
0 |
|a Strategic planning.
|
| 655 |
|
4 |
|a Electronic books.
|
| 710 |
2 |
|
|a ProQuest (Firm)
|
| 856 |
4 |
0 |
|u https://ebookcentral.proquest.com/lib/matrademy/detail.action?docID=3400794
|z Click to View
|